000 00833nam a2200229 a 4500
001 79977
003 BD-RjUL
005 20220616154716.0
008 220616s2020 bg ||||| |||| 00| 0 ben d
020 _a9847000004062
035 _a(BD-RjUL)79977
040 _aBD-RjUL
_beng
_cBD-RjUL
041 _aben
082 _223
_a338.47677
_bDET 2020
100 _aদেবনাথ, আর এম
_93669
245 _aতাঁত ও জাহাজ শিল্পে বাঙালি /
_cআর এম দেবনাথ
260 _aঢাকা :
_bজাতীয় সাহিত্য প্রকাশ,
_c২০২০
300 _a১৭৫ পৃ.;
_c২২ সেমি.
650 _aতাঁত শিল্প
_zবাংলাদেশ
_93670
650 _aHandloom industry
_zBangladesh
_93671
942 _2ddc
_cBK
999 _c79977
_d79977